00229nam a22000857a 4500008004100000082001100041245007200052260000900124300001000133180807b xxu||||| |||| 00| 0 eng d a813.52 aThe Handbook of Pediatric DentistrycAcademy of Pediatric Dentistry c2007 a1fCD